Eleanor: the years alone (Record no. 94)

MARC details
000 -LEADER
fixed length control field 00659cam a2200229 4500
005 - DATE AND TIME OF LATEST TRANSACTION
control field 20260322212006.0
008 - FIXED-LENGTH DATA ELEMENTS--GENERAL INFORMATION
fixed length control field data
010 ## - LIBRARY OF CONGRESS CONTROL NUMBER
LC control number 72002674
020 ## - INTERNATIONAL STANDARD BOOK NUMBER
International Standard Book Number 0393073610
020 ## - INTERNATIONAL STANDARD BOOK NUMBER
International Standard Book Number 9780393073614
040 ## - CATALOGING SOURCE
Original cataloging agency DLC
Transcribing agency DLC
Modifying agency DLC
050 00 - LIBRARY OF CONGRESS CALL NUMBER
Classification number E807.1
Item number .R574
082 00 - DEWEY DECIMAL CLASSIFICATION NUMBER
Classification number B
-- B
001 - CONTROL NUMBER
control field data
100 1# - MAIN ENTRY--PERSONAL NAME
Personal name Lash, Joseph P.,
Dates associated with a name 1909-
245 10 - TITLE STATEMENT
Title Eleanor: the years alone
Statement of responsibility, etc. Joseph P. Lash.
260 ## - PUBLICATION, DISTRIBUTION, ETC.
Place of publication, distribution, etc. New York,
Name of publisher, distributor, etc. Norton
Date of publication, distribution, etc. [1972]
300 ## - PHYSICAL DESCRIPTION
Extent 368 p.
Dimensions 24 cm.
500 ## - GENERAL NOTE
General note Continues the biography of Mrs. Roosevelt which began in the author's Eleanor and Franklin.
504 ## - BIBLIOGRAPHY, ETC. NOTE
Bibliography, etc. note Includes bibliographical references.
600 10 - SUBJECT ADDED ENTRY--PERSONAL NAME
Personal name Roosevelt, Eleanor,
Dates associated with a name 1884-1962.
Holdings
Withdrawn status Lost status Damaged status Not for loan Home library Current library Shelving location Date acquired Total checkouts Full call number Barcode Date last seen Price effective from Koha item type
        Franklin Franklin General stacks 22/03/2026   973.917/092/4 B BC0010097 22/03/2026 22/03/2026 Books